Canadian Provinces and Territories by Border - Statistics

General Stats
  • This quiz has been taken 49 times
  • The average score is 12 of 13
Answers on the Map
Answers color-coded by a green-red scale on the quiz's map according to % correct below.
 
Answer Stats
Province / Territory % Correct
Manitoba
100%
Ontario
100%
Quebec
100%
British Columbia
97%
New Brunswick
97%
Alberta
94%
Newfoundland and Labrador
94%
Northwest Territories
94%
Nunavut
94%
Saskatchewan
94%
Yukon
94%
Nova Scotia
91%
Prince Edward Island
88%
No matching quizzes found
Score Distribution
Percent of People with Each Score
Percentile by Number Answered
Your Score History
You have not taken this quiz